00321nam a2200121Ia 4500008004100000041000800041082001400049100001300063245004500076260003900121300003000160365000900190240624s9999 xx 000 0 und d aeng a153.4 ROA aROAM DAN aBLAH BLAH BLAH WHAT TO DO WHEN WORDS DON c2011aNew DelhibPortfolio Penguin axi, : 350 : p. : cm. ; 20 cb38